000 00419nam a22001697a 4500
005 20180810123810.0
008 160615b xxu||||| |||| 00| 0 eng d
020 _a81-7224-915-2
041 _aeng
082 _b7711
_a658.3
100 _aBiddle, Darek & Evenden, Robbin
_94764
245 _aHuman Aspects of management
260 _bJaico Books
_c2003
300 _a231p,
650 _aManagement
_9241
942 _cBK
999 _c2755
_d2754